000 00577nam a2200229Ia 4500
003 OSt
005 20221005121807.0
006 a|||||r|||| 00| 0
007 ta
008 221004b |||||||| |||| 00| 0 eng d
024 _a52216
037 _cTextual
040 _aCRL
_cCRL
_beng
041 _2eng
_aeng
082 _aR3xM78x, J2
100 _aBuber Martin
_943170
245 0 _aImages of good and evil tr by Michael Bullock
260 _c1952
650 _aPHILOSOPHY
942 _hR3xM78x, J2
_cTEXL
_2cc
999 _c1042284
_d1042284